[Event "Bayern-chTT (LL Sued)"]
[Site "Bayern 2008/09"]
[Date "2008.11.30"]
[Round "3.7"]
[White "Katzer, Joachim"]
[Black "Giss, Arthur"]
[Result "0-1"]
[WhiteElo "1961"]
[BlackElo "1975"]
[PlyCount "100"]
[EventDate "2009.03.??"]
[EventType "team-tourn"]
[EventRounds "9"]
[WhiteTeam "Sendling 1"]
[BlackTeam "Dillingen 1"]

1. d4 Nf6 2. c4 e6 3. Nc3 Bb4 4. e3 O-O 5. Bd3 c5 6. a3 Bxc3+ 7. bxc3 Nc6 8.
Ne2 e5 9. d5 Na5 10. e4 b6 11. f4 Ba6 12. O-O Qc7 13. Ng3 exf4 14. Nf5 Qe5 15.
Bxf4 Qxc3 16. e5 Nxd5 17. Qg4 g6 18. cxd5 Bxd3 19. Nh6+ Kh8 20. Qg5 f6 21. exf6
Nc4 22. Rfc1 Qxf6 23. Qxf6+ Rxf6 24. Rxc4 Bxc4 25. Be5 Kg7 26. Ng4 Raf8 27. Rc1
Bd3 28. Re1 h5 29. Nxf6 Rxf6 30. Re3 Bf5 31. d6 Kf7 32. Bxf6 Kxf6 33. Kf2 c4
34. Ke2 b5 35. Kd2 a5 36. Kc3 Bd3 37. Re7 Bf5 38. Kd4 Be6 39. Re8 b4 40. axb4
axb4 41. Rb8 c3 42. Kd3 Bf5+ 43. Ke2 c2 44. Kd2 Ke6 45. Rxb4 Kxd6 46. h3 Ke5
47. g4 hxg4 48. hxg4 Be4 49. Rb6 d5 50. g5 Kf5 0-1

[Event "Bayern-chTT (LL Sued)"]
[Site "Bayern 2008/09"]
[Date "2008.11.30"]
[Round "3.8"]
[White "Nuber, Helene"]
[Black "Solger, Bernhard"]
[Result "1-0"]
[WhiteElo "2040"]
[BlackElo "1896"]
[PlyCount "79"]
[EventDate "2009.03.??"]
[EventType "team-tourn"]
[EventRounds "9"]
[WhiteTeam "Dillingen 1"]
[BlackTeam "Sendling 1"]

1. e4 c6 2. d4 d5 3. exd5 cxd5 4. Bd3 Nc6 5. c3 Nf6 6. h3 g6 7. Bf4 Bf5 8. Nf3
Bxd3 9. Qxd3 Bg7 10. O-O O-O 11. Nbd2 Rc8 12. Rfe1 e6 13. Ne5 Nxe5 14. Bxe5 Nd7
15. Bxg7 Kxg7 16. Qb5 Qc7 17. a4 Qc6 18. Ra3 b6 19. Rb3 Qb7 20. Qb4 a6 21. Nf3
Rc4 22. Qe7 Qc6 23. Ng5 e5 24. dxe5 Nc5 25. Ra3 Ne4 26. Nxe4 dxe4 27. Qd6 Re8
28. Qxc6 Rxc6 29. Rxe4 Rce6 30. Rb3 Rxe5 31. Rxe5 Rxe5 32. Rxb6 Re1+ 33. Kh2 a5
34. Rb5 Ra1 35. Rxa5 Ra2 36. b4 Rxf2 37. b5 Kf6 38. b6 Rd2 39. b7 Rd8 40. Ra8
1-0

[Event "Bayern-chTT (LL Sued)"]
[Site "Bayern 2008/09"]
[Date "2008.11.30"]
[Round "3.2"]
[White "Schmitz, Thorsten(74)"]
[Black "Taeger, Winfried"]
[Result "1/2-1/2"]
[WhiteElo "2243"]
[BlackElo "2232"]
[PlyCount "94"]
[EventDate "2009.03.??"]
[EventType "team-tourn"]
[EventRounds "9"]
[WhiteTeam "Garching 1"]
[BlackTeam "Tegernsee 2"]

1. e4 Nc6 2. Nf3 d6 3. d4 Nf6 4. Nc3 Bg4 5. d5 Nb8 6. Be2 Nbd7 7. Nd4 Bxe2 8.
Qxe2 g6 9. O-O Bg7 10. Be3 O-O 11. Rad1 Qc8 12. Rfe1 Nc5 13. Bg5 e5 14. Bxf6
Bxf6 15. Nf3 Qd7 16. Qc4 Rac8 17. a4 a5 18. Nb5 Bg7 19. Nd2 f5 20. f3 Rf7 21.
Nb3 Nxb3 22. cxb3 Bh6 23. Qc3 b6 24. Qc2 Rcf8 25. Rd3 Qd8 26. Rc3 Bf4 27. Qf2
Bg5 28. Re2 Bf4 29. Kh1 Rg7 30. Rc4 Rff7 31. Rec2 Qg5 32. Rxc7 Rxc7 33. Nxc7
Qh6 34. g3 Be3 35. Qe2 Bc5 36. Ne6 Re7 37. Qa6 Re8 38. Qb7 fxe4 39. fxe4 g5 40.
Qd7 Qg6 41. Re2 g4 42. Ng7 Rf8 43. Nf5 Kh8 44. Re1 h5 45. Rf1 Rf6 46. Re1 Rf8
47. Qe7 Rxf5 1/2-1/2

[Event "Bayern-chTT (LL Sued)"]
[Site "Bayern 2008/09"]
[Date "2008.11.30"]
[Round "3.3"]
[White "Gnegel, Boris-Igor"]
[Black "Pitschka, Claus"]
[Result "0-1"]
[WhiteElo "2043"]
[BlackElo "2248"]
[PlyCount "106"]
[EventDate "2009.03.??"]
[EventType "team-tourn"]
[EventRounds "9"]
[WhiteTeam "Tegernsee 2"]
[BlackTeam "Garching 1"]

1. e4 e6 2. d4 d5 3. Nc3 Nf6 4. e5 Nfd7 5. Nce2 c5 6. c3 Nc6 7. f4 b5 8. Nf3 b4
9. g3 Qb6 10. Bh3 g6 11. Be3 Ba6 12. Kf2 Be7 13. Re1 O-O 14. g4 bxc3 15. bxc3
cxd4 16. cxd4 Nb4 17. Nc1 Rfc8 18. Rb1 Rxc1 19. Bxc1 Nd3+ 20. Qxd3 Bxd3 21.
Rxb6 axb6 22. Ke3 Bc4 23. Nd2 Rxa2 24. Bf1 Bb4 25. Bxc4 dxc4 26. Re2 b5 27. Ne4
Rxe2+ 28. Kxe2 Nb6 29. Nf6+ Kg7 30. Ne8+ Kf8 31. Nc7 Nd5 32. Nxb5 Ke7 33. Kf3
Kd7 34. Na3 Bxa3 35. Bxa3 Kc6 36. Ke4 Kb5 37. f5 Ka4 38. Bf8 Kb3 39. fxg6 fxg6
40. h4 Kc2 41. Bh6 c3 42. Bg5 Kd1 43. Kd3 c2 44. Kc4 c1=Q+ 45. Bxc1 Kxc1 46.
Kc5 Kd2 47. Kd6 Nf4 48. d5 exd5 49. e6 Nxe6 50. Kxd5 Ke3 51. Kxe6 Kf4 52. g5
Kg4 53. Ke5 Kxh4 0-1

[Event "Bayern-chTT (LL Sued)"]
[Site "Bayern 2008/09"]
[Date "2008.11.30"]
[Round "3.4"]
[White "Schleich, Markus"]
[Black "Lettl, Gerhard"]
[Result "1/2-1/2"]
[WhiteElo "2203"]
[BlackElo "2020"]
[PlyCount "69"]
[EventDate "2009.03.??"]
[EventType "team-tourn"]
[EventRounds "9"]
[WhiteTeam "Garching 1"]
[BlackTeam "Tegernsee 2"]

1. e4 e5 2. Nc3 Nf6 3. g3 Bc5 4. Bg2 O-O 5. Nge2 Nc6 6. O-O a6 7. d3 d6 8. h3
Ne8 9. Kh2 g6 10. Bh6 Ng7 11. f4 f6 12. Nd5 Be6 13. fxe5 dxe5 14. Qd2 Bxd5 15.
exd5 Ne7 16. d4 Bd6 17. dxe5 Bxe5 18. Bf4 Bxf4 19. Nxf4 Qd6 20. Qc3 Rae8 21.
Rad1 Nef5 22. Rfe1 Re5 23. Rxe5 fxe5 24. Ne2 h5 25. Be4 h4 26. Rf1 Nd4 27.
Rxf8+ Qxf8 28. Nxd4 Qf2+ 29. Bg2 exd4 30. Qxc7 Nf5 31. gxh4 Ne3 32. Qd8+ Kg7
33. Qe7+ Kg8 34. Qe8+ Kg7 35. Qe7+ 1/2-1/2

[Event "Bayern-chTT (LL Sued)"]
[Site "Bayern 2008/09"]
[Date "2008.11.30"]
[Round "3.6"]
[White "Wiegner, Denis"]
[Black "Billenkamp, Thomas"]
[Result "1/2-1/2"]
[WhiteElo "2188"]
[BlackElo "1971"]
[PlyCount "32"]
[EventDate "2009.03.??"]
[EventType "team-tourn"]
[EventRounds "9"]
[WhiteTeam "Garching 1"]
[BlackTeam "Tegernsee 2"]

1. e4 c5 2. Nf3 Nc6 3. d4 cxd4 4. Nxd4 Nf6 5. Nc3 e5 6. Ndb5 d6 7. Nd5 Nxd5 8.
exd5 Nb8 9. Qf3 a6 10. Qa3 Be7 11. Bg5 f6 12. Bd2 O-O 13. Bb4 Qd7 14. O-O-O b6
15. Nc3 Bb7 16. Ne4 Rd8 1/2-1/2

[Event "Bayern-chTT (LL Sued)"]
[Site "Bayern 2008/09"]
[Date "2008.11.30"]
[Round "3.7"]
[White "Schuetzhold, Frank"]
[Black "Nuessel, Georg"]
[Result "0-1"]
[WhiteElo "1756"]
[BlackElo "2136"]
[PlyCount "124"]
[EventDate "2009.03.??"]
[EventType "team-tourn"]
[EventRounds "9"]
[WhiteTeam "Tegernsee 2"]
[BlackTeam "Garching 1"]

1. b3 e5 2. Bb2 d6 3. g3 g6 4. Bg2 Bg7 5. c4 Ne7 6. e3 O-O 7. Ne2 c6 8. O-O f5
9. d3 Be6 10. f4 Nd7 11. Nbc3 Nf6 12. d4 e4 13. Rc1 h6 14. h3 g5 15. Kh2 d5 16.
cxd5 Bxd5 17. Ba3 Be6 18. Qd2 Rf7 19. Bxe7 Qxe7 20. Na4 Rd8 21. Nec3 Kh7 22.
Rg1 g4 23. h4 Nh5 24. Qe1 Bf6 25. Bf1 Rg7 26. Kg2 Bc8 27. Rh1 b6 28. Ne2 Qa3
29. Rc2 c5 30. dxc5 b5 31. Nac3 Qxc5 32. Qc1 Bb7 33. Na4 Qd6 34. Nc5 Bd5 35.
Rd2 Qb6 36. b4 Bc4 37. Nc3 Bd3 38. Bxd3 exd3 39. e4 Bxc3 40. Qxc3 fxe4 41. Qe5
e3 42. Qxe3 Qc6+ 43. Kh2 Qf3 44. Qf2 Qxf2+ 45. Rxf2 Re7 46. Rd1 Re3 47. Rg2 Kg6
48. Rdd2 Nf6 49. Rg1 Ne4 50. Nxe4 Rxe4 51. a3 Kf5 52. Rgd1 Re3 53. Kg2 Ke4 54.
Kf2 Rc8 55. Re1 Rxe1 56. Kxe1 Ke3 57. Kd1 Rd8 58. Ke1 Rd5 59. Kd1 Kf3 60. f5
Kxg3 61. f6 Rf5 62. Rxd3+ Kxh4 0-1

[Event "Bayern-chTT (LL Sued)"]
[Site "Bayern 2008/09"]
[Date "2008.11.30"]
[Round "3.8"]
[White "Schlinkmeier, Karsten"]
[Black "Pezerovic, Asim"]
[Result "1-0"]
[WhiteElo "2115"]
[BlackElo "1726"]
[PlyCount "103"]
[EventDate "2009.03.??"]
[EventType "team-tourn"]
[EventRounds "9"]
[WhiteTeam "Garching 1"]
[BlackTeam "Tegernsee 2"]

1. e4 c6 2. d4 d5 3. exd5 cxd5 4. c4 Nf6 5. Nc3 Nc6 6. Nf3 Bg4 7. Be3 e6 8. Be2
Bb4 9. O-O O-O 10. a3 Bxc3 11. bxc3 dxc4 12. Bxc4 Nd5 13. Bd2 a6 14. h3 Bh5 15.
Bd3 Bg6 16. Be2 b5 17. a4 b4 18. c4 Nc3 19. Bxc3 bxc3 20. Ra3 c2 21. Qa1 a5 22.
Bd3 Rb8 23. Rc1 Rb1 24. Rxb1 cxb1=Q+ 25. Bxb1 Bxb1 26. Qxb1 Nxd4 27. Nxd4 Qxd4
28. Qd3 Qe5 29. Qc3 Qc7 30. Rb3 h6 31. Rb5 Rd8 32. Qc2 g6 33. Rb3 Rd5 34. g3
Rc5 35. Rc3 Qe5 36. Qd3 Qc7 37. Qc2 Qc6 38. Kh2 Qc7 39. Qc1 Kh7 40. Kg1 Qd7 41.
Qc2 Qc6 42. Qb3 Qe4 43. Rf3 Rxc4 44. Rxf7+ Kg8 45. Rf3 Rc1+ 46. Kh2 Rb1 47. Qc3
Rb7 48. Rf4 Qd5 49. Rf6 Kh7 50. Rf8 Rg7 51. Qc8 g5 52. Qc2+ 1-0

[Event "Bayern-chTT (LL Sued)"]
[Site "Bayern 2008/09"]
[Date "2008.11.30"]
[Round "3.1"]
[White "Umansky, Mikhail(52)"]
[Black "Lickleder, Andreas"]
[Result "1-0"]
[WhiteElo "2414"]
[BlackElo "2199"]
[PlyCount "53"]
[EventDate "2009.03.??"]
[EventType "team-tourn"]
[EventRounds "9"]
[WhiteTeam "Haunstetten 1"]
[BlackTeam "München-Bayern 3"]

1. d4 Nf6 2. c4 e6 3. g3 Bb4+ 4. Nd2 O-O 5. Bg2 Nc6 6. Ngf3 d6 7. O-O Bxd2 8.
Bxd2 a5 9. Qc2 Qe7 10. e4 e5 11. d5 Nb8 12. b3 Nbd7 13. Bc3 Nc5 14. Nd2 Bd7 15.
Rae1 b5 16. f4 Ng4 17. h3 Nh6 18. fxe5 dxe5 19. Nf3 f6 20. Bd2 Nf7 21. Be3 b4
22. Rb1 a4 23. Ne1 axb3 24. axb3 Rfb8 25. Qf2 Ra5 26. Bxc5 Rxc5 27. Ra1 1-0

[Event "Bayern-chTT (LL Sued)"]
[Site "Bayern 2008/09"]
[Date "2008.11.30"]
[Round "3.2"]
[White "Herich, Manfred"]
[Black "Schnelzer, Reinhold Dr"]
[Result "1/2-1/2"]
[WhiteElo "2161"]
[BlackElo "2215"]
[PlyCount "55"]
[EventDate "2009.03.??"]
[EventType "team-tourn"]
[EventRounds "9"]
[WhiteTeam "München-Bayern 3"]
[BlackTeam "Haunstetten 1"]

1. d4 Nf6 2. Nf3 e6 3. g3 d5 4. Bg2 Be7 5. O-O O-O 6. b3 c5 7. Bb2 Nc6 8. Nbd2
Bd7 9. e3 Rc8 10. a3 cxd4 11. exd4 Ne4 12. Nxe4 dxe4 13. Ne5 f5 14. Qe2 Nxe5
15. dxe5 b5 16. Rfd1 Qc7 17. Bd4 Bc6 18. c4 bxc4 19. Qxc4 Qd7 20. Qe2 Bd5 21.
b4 Qa4 22. Qe3 a5 23. Rdb1 Bc4 24. Bf1 Bxf1 25. Kxf1 axb4 26. axb4 Qb5+ 27. Qe2
Rb8 28. Qxb5 1/2-1/2

[Event "Bayern-chTT (LL Sued)"]
[Site "Bayern 2008/09"]
[Date "2008.11.30"]
[Round "3.3"]
[White "Grimberg, Boris"]
[Black "Rajic, Ivica"]
[Result "1-0"]
[WhiteElo "2310"]
[BlackElo "2090"]
[PlyCount "67"]
[EventDate "2009.03.??"]
[EventType "team-tourn"]
[EventRounds "9"]
[WhiteTeam "Haunstetten 1"]
[BlackTeam "München-Bayern 3"]

1. e4 c5 2. Nf3 e6 3. d4 cxd4 4. Nxd4 a6 5. Nc3 Qc7 6. Bd3 Nf6 7. O-O b5 8. Be3
Bb7 9. a3 d6 10. f4 Be7 11. Qf3 g6 12. Qh3 Nbd7 13. Nb3 h5 14. Kh1 Ng4 15. Bd4
Bf6 16. f5 gxf5 17. exf5 e5 18. Bg1 d5 19. Qg3 O-O-O 20. h3 Rdg8 21. Rad1 d4
22. Ne4 Ne3 23. Qf3 Nxg2 24. Bf2 h4 25. c4 b4 26. axb4 Ne3 27. Na5 Nxd1 28.
Nd6+ Kb8 29. Ndxb7 Nxf2+ 30. Rxf2 e4 31. Qxe4 Qg3 32. Qf4+ Qxf4 33. Rxf4 Ne5
34. Be4 1-0

[Event "Bayern-chTT (LL Sued)"]
[Site "Bayern 2008/09"]
[Date "2008.11.30"]
[Round "3.4"]
[White "Kunze, Holger"]
[Black "Wolf, Armin(61)"]
[Result "0-1"]
[WhiteElo "2068"]
[BlackElo "2129"]
[PlyCount "102"]
[EventDate "2009.03.??"]
[EventType "team-tourn"]
[EventRounds "9"]
[WhiteTeam "München-Bayern 3"]
[BlackTeam "Haunstetten 1"]

1. d4 g6 2. c4 Bg7 3. Nc3 d6 4. e4 e5 5. Nf3 Nc6 6. d5 Nce7 7. Be2 f5 8. exf5
gxf5 9. Ng5 Ng6 10. Bh5 N8e7 11. O-O O-O 12. g3 h6 13. Nh3 Kh7 14. f4 e4 15.
Qb3 c5 16. Be3 Ng8 17. Nf2 Nf6 18. Be2 Qe7 19. Qd1 Nh8 20. Rc1 Nf7 21. a3 b6
22. Kg2 Bd7 23. Qd2 Rg8 24. b4 Bf8 25. Rfd1 Rd8 26. Rb1 Bc8 27. Rb2 Nd7 28.
Rdb1 Bg7 29. Rb3 Bf6 30. Nb5 Nf8 31. a4 Ng6 32. Kh1 Kg7 33. a5 h5 34. Bxh5 Rh8
35. Be2 Rh7 36. Kg2 Rg8 37. axb6 axb6 38. Ra3 Kh8 39. Ra7 Qf8 40. bxc5 bxc5 41.
h3 Nh4+ 42. Kh2 Rxg3 43. Kxg3 Qg8+ 44. Bg4 fxg4 45. hxg4 Bxg4 46. Nxg4 Nf5+ 47.
Kf2 Qxg4 48. Ra8+ Kg7 49. Rg1 Rh2+ 50. Kf1 Ng3+ 51. Rxg3 Qxg3 0-1

[Event "Bayern-chTT (LL Sued)"]
[Site "Bayern 2008/09"]
[Date "2008.11.30"]
[Round "3.5"]
[White "Herb, Stefan"]
[Black "Schuetz, Guenter(54)"]
[Result "1-0"]
[WhiteElo "2029"]
[BlackElo "2171"]
[PlyCount "113"]
[EventDate "2009.03.??"]
[EventType "team-tourn"]
[EventRounds "9"]
[WhiteTeam "Haunstetten 1"]
[BlackTeam "München-Bayern 3"]

1. e4 c5 2. Nf3 Nc6 3. Bb5 g6 4. O-O Bg7 5. c3 Nf6 6. Re1 O-O 7. d4 cxd4 8.
cxd4 d5 9. e5 Ne8 10. h3 Nc7 11. Bf1 Ne6 12. Nc3 Qa5 13. Bd2 Rd8 14. Na4 Qc7
15. Rc1 Qd7 16. Bb5 Qc7 17. Nc5 Bd7 18. Qa4 Nxc5 19. Rxc5 a6 20. Bxc6 Bxc6 21.
e6 fxe6 22. Qc2 Qd6 23. Ne5 Bxe5 24. Rxe5 Rf8 25. Qc1 Rf6 26. Bg5 Rf5 27. Bf4
Rxe5 28. Bxe5 Qd8 29. Rc3 Kf7 30. Rf3+ Ke8 31. Qh6 Kd7 32. Qxh7 Qg8 33. Qh6 Bb5
34. Rg3 Rc8 35. Qxg6 Qxg6 36. Rxg6 Rc1+ 37. Kh2 Rc2 38. h4 Rxf2 39. h5 Bd3 40.
Rg7 Be2 41. h6 Rf5 42. g4 Bxg4 43. Rxg4 Rh5+ 44. Kg2 Rxh6 45. Rg3 Rh4 46. Rc3
Kd8 47. Kf2 Re4 48. Re3 Rg4 49. Ke1 Kd7 50. Rg3 Rh4 51. Kd2 Kc6 52. Rc3+ Kb6
53. Kc2 Re4 54. a3 a5 55. a4 Re2+ 56. Kb3 Re1 57. Rc8 1-0

[Event "Bayern-chTT (LL Sued)"]
[Site "Bayern 2008/09"]
[Date "2008.11.30"]
[Round "3.6"]
[White "Schulz, Michael(58)"]
[Black "Fehmer, Dirk"]
[Result "1-0"]
[WhiteElo "2099"]
[BlackElo "2021"]
[PlyCount "141"]
[EventDate "2009.03.??"]
[EventType "team-tourn"]
[EventRounds "9"]
[WhiteTeam "München-Bayern 3"]
[BlackTeam "Haunstetten 1"]

1. d4 Nf6 2. Nf3 g6 3. c4 Bg7 4. Nc3 O-O 5. Bg5 h6 6. Bh4 c5 7. d5 d6 8. e4 b5
9. cxb5 Qa5 10. Nd2 a6 11. Nc4 Qd8 12. Bd3 Nbd7 13. O-O axb5 14. Nxb5 Nb6 15.
Qe2 Ba6 16. Nc3 Nfd7 17. Rad1 g5 18. Bg3 Nxc4 19. Bxc4 Qa5 20. h4 Bxc4 21. Qxc4
Bxc3 22. bxc3 Qxa2 23. Qd3 Ra4 24. hxg5 hxg5 25. Qf3 Nf6 26. e5 Ne4 27. exd6
exd6 28. Rfe1 Qc4 29. Qf5 Nxg3 30. Qxg5+ Kh7 31. Qxg3 Qf4 32. Qd3+ Kg8 33. Re3
Rfa8 34. Rg3+ Kf8 35. Rf3 Qe4 36. Qd2 Qh7 37. Rh3 Rh4 38. Rxh4 Qxh4 39. g3 Qh3
40. Qf4 Ra6 41. Re1 Kg7 42. Qg5+ Kh7 43. c4 Qh6 44. Qe7 Kg7 45. Kg2 Qf6 46.
Qxf6+ Kxf6 47. g4 Ra2 48. Kg3 Rc2 49. Re4 Rc3+ 50. Kf4 Rc2 51. f3 Rc1 52. Kg3
Rc3 53. Rf4+ Kg6 54. Kf2 Rc2+ 55. Ke3 Rc3+ 56. Kd2 Ra3 57. g5 Kxg5 58. Rxf7
Ra2+ 59. Kd3 Ra3+ 60. Kc2 Ra2+ 61. Kb3 Ra6 62. Rc7 Ra8 63. Rc6 Rd8 64. Ka4 Rb8
65. Rxd6 Rb4+ 66. Ka5 Rxc4 67. Rc6 Rc3 68. Kb6 c4 69. d6 Rd3 70. Kc7 c3 71. d7
1-0

[Event "Bayern-chTT (LL Sued)"]
[Site "Bayern 2008/09"]
[Date "2008.11.30"]
[Round "3.7"]
[White "Rubke, Manfred"]
[Black "Loos, Stephan(66)"]
[Result "1/2-1/2"]
[WhiteElo "2107"]
[BlackElo "2005"]
[PlyCount "31"]
[EventDate "2009.03.??"]
[EventType "team-tourn"]
[EventRounds "9"]
[WhiteTeam "Haunstetten 1"]
[BlackTeam "München-Bayern 3"]

1. c4 f5 2. Nc3 Nf6 3. g3 g6 4. Bg2 Bg7 5. d4 O-O 6. e3 d6 7. Nf3 Qe8 8. O-O e5
9. dxe5 dxe5 10. b3 Na6 11. Ba3 Rf7 12. Qe2 c6 13. Rad1 e4 14. Ng5 Rd7 15. h4
Ng4 16. Na4 1/2-1/2

[Event "Bayern-chTT (LL Sued)"]
[Site "Bayern 2008/09"]
[Date "2008.11.30"]
[Round "3.8"]
[White "Schulz, Juergen(37)"]
[Black "Weichlein, Paul"]
[Result "1/2-1/2"]
[WhiteElo "2079"]
[BlackElo "1771"]
[PlyCount "89"]
[EventDate "2009.03.??"]
[EventType "team-tourn"]
[EventRounds "9"]
[WhiteTeam "München-Bayern 3"]
[BlackTeam "Haunstetten 1"]

1. d4 d5 2. Nf3 Nf6 3. c4 e6 4. Nc3 c6 5. e3 Bd6 6. Bd3 Nbd7 7. O-O O-O 8. e4
dxe4 9. Nxe4 Nxe4 10. Bxe4 e5 11. dxe5 Nxe5 12. Nxe5 Bxe5 13. Bxh7+ Kxh7 14.
Qh5+ Kg8 15. Qxe5 Re8 16. Qf4 Qd3 17. b3 Bf5 18. Be3 Rad8 19. h3 Bd7 20. Rad1
Qg6 21. Qh4 f6 22. Bxa7 Re4 23. Qg3 Qxg3 24. fxg3 Re7 25. Bc5 Rf7 26. Rd2 Ra8
27. Rfd1 Bf5 28. g4 Be4 29. Rd8+ Rxd8 30. Rxd8+ Kh7 31. Rd2 b5 32. a3 Rb7 33.
Bb4 Rb8 34. Kf2 Re8 35. g3 Kg8 36. Ba5 Kf7 37. h4 Ra8 38. Bb4 Re8 39. Rd7+ Kg8
40. Re7 Rxe7 41. Bxe7 Bc2 42. cxb5 cxb5 43. b4 Kf7 44. Bd8 Bd1 45. g5 1/2-1/2

[Event "Bayern-chTT (LL Sued)"]
[Site "Bayern 2008/09"]
[Date "2008.12.14"]
[Round "4.1"]
[White "Umansky, Mikhail(52)"]
[Black "Straub, Juergen Dr"]
[Result "1-0"]
[WhiteElo "2414"]
[BlackElo "2187"]
[PlyCount "77"]
[EventDate "2009.03.??"]
[EventType "team-tourn"]
[EventRounds "9"]
[WhiteTeam "Haunstetten 1"]
[BlackTeam "Ingolstadt 1"]

1. d4 Nf6 2. c4 e6 3. g3 Bb4+ 4. Nd2 c5 5. Ngf3 cxd4 6. Nxd4 O-O 7. Bg2 Nc6 8.
Nc2 Be7 9. O-O d5 10. a3 e5 11. b4 Be6 12. Bb2 dxc4 13. Ne3 c3 14. Bxc3 Nd5 15.
Nxd5 Bxd5 16. Ne4 Bc4 17. Qc2 Rc8 18. Rfd1 Qc7 19. Qb2 b5 20. Rac1 Rcd8 21. Nd2
Bd5 22. Nf3 Bxf3 23. Bxf3 Rxd1+ 24. Rxd1 Nd4 25. Bxd4 exd4 26. Qxd4 Rd8 27. Bd5
a5 28. e4 axb4 29. axb4 Qd6 30. Rb1 Kf8 31. Qd3 Qb6 32. Kg2 g6 33. Rb3 Bd6 34.
Qe2 Kg7 35. Qb2+ Kg8 36. Rf3 Rd7 37. e5 Bf8 38. e6 Bg7 39. exf7+ 1-0

[Event "Bayern-chTT (LL Sued)"]
[Site "Bayern 2008/09"]
[Date "2008.12.14"]
[Round "4.2"]
[White "Gerstner, Bernhard"]
[Black "Schnelzer, Reinhold Dr"]
[Result "1-0"]
[WhiteElo "2163"]
[BlackElo "2215"]
[PlyCount "97"]
[EventDate "2009.03.??"]
[EventType "team-tourn"]
[EventRounds "9"]
[WhiteTeam "Ingolstadt 1"]
[BlackTeam "Haunstetten 1"]

1. e4 d5 2. exd5 Qxd5 3. Nc3 Qd6 4. d4 Nf6 5. Nf3 a6 6. g3 Bg4 7. h3 Bh5 8. Bg2
Nc6 9. O-O O-O-O 10. Bf4 Qb4 11. g4 Bg6 12. a3 Qxb2 13. Qe1 Qxc2 14. Rc1 Qb3
15. Ne5 Rxd4 16. Nxc6 bxc6 17. Qe5 Rxf4 18. Qxf4 e6 19. Bxc6 Bd6 20. Qf3 Bxa3
21. Ba4 Qb7 22. Bc6 Qb3 23. Ra1 Rd8 24. Ba4 Qb7 25. Qxb7+ Kxb7 26. Rxa3 Rd3 27.
Rb1+ Kc8 28. Rab3 c6 29. Rb8+ Kc7 30. R1b7+ Kd6 31. Rd8+ Kc5 32. Rxd3 Bxd3 33.
Nd1 Bb5 34. Bc2 a5 35. Rxf7 a4 36. Rxg7 a3 37. g5 Nd5 38. Ra7 Kb4 39. Bxh7 Ba4
40. Bb1 Bxd1 41. g6 Nf6 42. Ba2 c5 43. Rf7 Nh5 44. Rb7+ Ka4 45. Bxe6 Bc2 46. g7
Nxg7 47. Rxg7 Bd3 48. Rg4+ Ka5 49. Bb3 1-0

[Event "Bayern-chTT (LL Sued)"]
[Site "Bayern 2008/09"]
[Date "2008.12.14"]
[Round "4.3"]
[White "Grimberg, Boris"]
[Black "Wurzel, Andre"]
[Result "1-0"]
[WhiteElo "2310"]
[BlackElo "2150"]
[PlyCount "51"]
[EventDate "2009.03.??"]
[EventType "team-tourn"]
[EventRounds "9"]
[WhiteTeam "Haunstetten 1"]
[BlackTeam "Ingolstadt 1"]

1. e4 c5 2. Nf3 e6 3. d4 cxd4 4. Nxd4 Nc6 5. Nc3 Qc7 6. Be3 a6 7. Bd3 Nf6 8.
O-O Ne5 9. h3 Bc5 10. Kh1 d6 11. Qe2 O-O 12. f4 Ng6 13. f5 Ne5 14. g4 d5 15.
exd5 Nxd5 16. Nxd5 exd5 17. Ne6 fxe6 18. Bxc5 Qxc5 19. Qxe5 exf5 20. gxf5 Bd7
21. f6 Rxf6 22. Rxf6 gxf6 23. Qxf6 Rf8 24. Qg5+ Kf7 25. Rf1+ Ke6 26. Qh6+ 1-0

[Event "Bayern-chTT (LL Sued)"]
[Site "Bayern 2008/09"]
[Date "2008.12.14"]
[Round "4.4"]
[White "Holl, Andreas(57)"]
[Black "Wolf, Armin(61)"]
[Result "1/2-1/2"]
[WhiteElo "2147"]
[BlackElo "2129"]
[PlyCount "128"]
[EventDate "2009.03.??"]
[EventType "team-tourn"]
[EventRounds "9"]
[WhiteTeam "Ingolstadt 1"]
[BlackTeam "Haunstetten 1"]

1. d4 g6 2. c4 Bg7 3. Nf3 d6 4. g3 e5 5. dxe5 dxe5 6. Qxd8+ Kxd8 7. Bg2 c6 8.
Bg5+ Kc7 9. Nc3 h6 10. Bd2 Nd7 11. Rc1 Ngf6 12. O-O Re8 13. Rfd1 Bf8 14. h3 a5
15. Na4 Ne4 16. Be3 Ndc5 17. Nxc5 Nxc5 18. b3 g5 19. g4 f6 20. Nd2 Be6 21. a3
Red8 22. Rb1 Na6 23. a4 Nc5 24. Rdc1 Rd7 25. Ne4 Nxe4 26. Bxe4 Rad8 27. Kf1 Be7
28. Ke1 h5 29. f3 hxg4 30. hxg4 Rh8 31. Kf1 Rh2 32. Bg1 Rh8 33. Rd1 Rhd8 34.
Rxd7+ Rxd7 35. Be3 Bb4 36. Bd3 Bc3 37. Kg2 Bd4 38. Bd2 b6 39. Rh1 Kd6 40. Rh6
Rf7 41. Be4 Bc5 42. Bf5 Bxf5 43. gxf5 Ke7 44. Rh8 Rf8 45. Rxf8 Kxf8 46. Kh3 Kg7
47. Kg4 Kh6 48. Be1 Bd6 49. Bf2 Bc5 50. Be1 Bd6 51. e3 Bc5 52. Bd2 Bd6 53. Bc3
Be7 54. f4 gxf4 55. exf4 exf4 56. Kxf4 Kg7 57. Ke4 Kf7 58. Be1 Bc5 59. Bg3 Ke7
60. Be1 Kf7 61. Bc3 Ke7 62. Kf4 Kf7 63. Kg4 Kg7 64. Kh5 Be7 1/2-1/2

[Event "Bayern-chTT (LL Sued)"]
[Site "Bayern 2008/09"]
[Date "2008.12.14"]
[Round "4.5"]
[White "Herb, Stefan"]
[Black "Spiess, Martin"]
[Result "0-1"]
[WhiteElo "2029"]
[BlackElo "2103"]
[PlyCount "78"]
[EventDate "2009.03.??"]
[EventType "team-tourn"]
[EventRounds "9"]
[WhiteTeam "Haunstetten 1"]
[BlackTeam "Ingolstadt 1"]

1. e4 c5 2. Nf3 d6 3. Bb5+ Bd7 4. Bxd7+ Qxd7 5. O-O Nc6 6. c3 Nf6 7. Re1 e6 8.
d4 cxd4 9. cxd4 d5 10. e5 Ne4 11. Ng5 Nxg5 12. Bxg5 Be7 13. Bxe7 Qxe7 14. a3
Qh4 15. Nc3 Qxd4 16. Qh5 O-O 17. Re3 g6 18. Qh6 f5 19. Rd1 Qb6 20. Rg3 Nxe5 21.
h3 Rf7 22. Re1 Nd7 23. Rge3 Nf8 24. Na4 Qd4 25. b3 Rc8 26. b4 b6 27. h4 Rc2 28.
Qg5 f4 29. Rf3 Qd2 30. Qe5 d4 31. Qe4 d3 32. Rf1 Rd7 33. Rxf4 Rc1 34. Rxc1
Qxc1+ 35. Kh2 d2 36. Qa8 Rf7 37. Rxf7 Kxf7 38. Qf3+ Kg8 39. Nc3 Qxc3 0-1

[Event "Bayern-chTT (LL Sued)"]
[Site "Bayern 2008/09"]
[Date "2008.12.14"]
[Round "4.6"]
[White "Sailer, Wolfgang"]
[Black "Fehmer, Dirk"]
[Result "1/2-1/2"]
[WhiteElo "2051"]
[BlackElo "2021"]
[PlyCount "50"]
[EventDate "2009.03.??"]
[EventType "team-tourn"]
[EventRounds "9"]
[WhiteTeam "Ingolstadt 1"]
[BlackTeam "Haunstetten 1"]

1. d4 Nf6 2. c4 g6 3. Nc3 Bg7 4. e4 d6 5. f4 O-O 6. Nf3 c5 7. d5 e6 8. Be2 exd5
9. cxd5 Re8 10. e5 dxe5 11. fxe5 Ng4 12. O-O Nxe5 13. Bf4 Qb6 14. Nxe5 Bxe5 15.
Qd2 Bf5 16. g4 Bd4+ 17. Kh1 Be4+ 18. Nxe4 Rxe4 19. Bf3 Re7 20. Rae1 Rxe1 21.
Rxe1 Nd7 22. b3 Qf6 23. g5 Qf5 24. Be4 Qh3 25. Bg2 Qf5 1/2-1/2

[Event "Bayern-chTT (LL Sued)"]
[Site "Bayern 2008/09"]
[Date "2008.12.14"]
[Round "4.7"]
[White "Rubke, Manfred"]
[Black "Hesse, Maximilian"]
[Result "1-0"]
[WhiteElo "2107"]
[BlackElo "2017"]
[PlyCount "52"]
[EventDate "2009.03.??"]
[EventType "team-tourn"]
[EventRounds "9"]
[WhiteTeam "Haunstetten 1"]
[BlackTeam "Ingolstadt 1"]

1. c4 e5 2. Nc3 Nf6 3. e4 Nc6 4. d3 Bc5 5. h3 d6 6. Bg5 Nd4 7. Nf3 c6 8. Nxd4
Bxd4 9. Qd2 h6 10. Be3 O-O 11. Bxd4 exd4 12. Ne2 Re8 13. f4 d5 14. cxd5 c5 15.
g3 Rxe4 16. dxe4 Nxe4 17. Qd3 Qa5+ 18. Nc3 Bf5 19. Qb5 Qxb5 20. Nxb5 Re8 21.
O-O-O Nxg3 22. Nd6 Nxh1 23. Nxe8 Nf2 24. Nd6 Nxd1 25. Nxf5 Nf2 26. d6 d3 1-0